[Event "Scarborough CC-ch Reserves"]
[Site "Toronto CAN"]
[Date "2011.03.03"]
[Round "2"]
[White "Ferreira, Alex"]
[Black "Ugodnikov, Arkadiy"]
[Result "1-0"]
[WhiteElo "2081"]
[BlackElo "1845"]
[PlyCount "103"]
[GameId "2160767909795870"]
[EventDate "2011.02.24"]
[EventType "swiss"]
[EventRounds "9"]
[EventCountry "CAN"]
[SourceTitle "EXT 2022"]
[Source "ChessBase"]
[SourceDate "2021.10.06"]
[SourceVersion "1"]
[SourceVersionDate "2021.10.06"]
[SourceQuality "1"]

1. e4 e5 2. f4 d5 3. exd5 c6 4. d4 exd4 5. Qxd4 cxd5 6. Nc3 Nf6 7. Nf3 Nc6 8. Bb5 a6 9. Bxc6+ bxc6 10. Ne5 Qc7 11. O-O Bd6 12. Bd2 O-O 13. Rae1 Bf5 14. Qa4 Rfc8 15. Nd1 Ne4 16. Ba5 Qb7 17. Kh1 Bc5 18. g4 Bd7 19. Rxe4 dxe4 20. Qc4 Be6 21. Qxc5 f6 22. f5 Bd5 23. Ne3 fxe5 24. c4 Bf7 25. Bc3 Re8 26. Bxe5 Qa7 27. Qxa7 Rxa7 28. Bc3 Rd7 29. Kg1 Rd3 30. Re1 Red8 31. Kf2 h5 32. gxh5 Bxh5 33. Kg3 Bf3 34. Kf4 Kf7 35. Rg1 Rg8 36. Rg6 Rh8 37. Rxg7+ Kf8 38. f6 c5 39. Nf5 Rg8 40. Nh6 Rh8 41. Nf5 Bh1 42. Rc7 Rh5 43. Ke5 Rd8 44. Ke6 Rxf5 45. Rf7+ Ke8 46. Re7+ Kf8 47. Kxf5 Rd6 48. Kg6 Bf3 49. Rc7 Rd8 50. Bd2 Bg4 51. Rh7 Kg8 52. f7+ 1-0

[Event "Scarborough CC-ch Reserves"]
[Site "Toronto CAN"]
[Date "2011.03.03"]
[Round "2"]
[White "Krupka, David"]
[Black "Paterson, Jim"]
[Result "1-0"]
[WhiteElo "2035"]
[BlackElo "1825"]
[PlyCount "95"]
[GameId "2160767909795871"]
[EventDate "2011.02.24"]
[EventType "swiss"]
[EventRounds "9"]
[EventCountry "CAN"]
[SourceTitle "EXT 2022"]
[Source "ChessBase"]
[SourceDate "2021.10.06"]
[SourceVersion "1"]
[SourceVersionDate "2021.10.06"]
[SourceQuality "1"]

1. e4 Nc6 2. Nf3 d6 3. d4 e5 4. d5 Nce7 5. Bb5+ Bd7 6. Qd3 a6 7. Bxd7+ Qxd7 8. Nc3 g6 9. Bg5 Bh6 10. Bxh6 Nxh6 11. Qd2 Nhg8 12. O-O-O f6 13. h4 h5 14. Ne1 Qg4 15. f3 Qf4 16. Qxf4 exf4 17. Nd3 g5 18. g3 Ng6 19. gxf4 gxf4 20. Ne2 Ne5 21. Rdf1 c6 22. Ndxf4 cxd5 23. Nxd5 Rc8 24. Rhg1 Kf7 25. Nd4 Nh6 26. b3 Rhg8 27. Kd1 Nc6 28. Nxc6 Rxc6 29. Nf4 Rc5 30. Rxg8 Nxg8 31. Rf2 Ne7 32. Rd2 Nc8 33. Rd5 Rxd5+ 34. Nxd5 Ne7 35. Nxe7 Kxe7 36. Kd2 Ke6 37. Ke3 d5 38. Kd4 dxe4 39. Kxe4 a5 40. a3 b6 41. c3 b5 42. f4 f5+ 43. Kd4 Kd6 44. b4 a4 45. c4 bxc4 46. Kxc4 Kc6 47. b5+ Kb6 48. Kb4 1-0

[Event "Scarborough CC-ch Reserves"]
[Site "Toronto CAN"]
[Date "2011.03.03"]
[Round "2"]
[White "Mesiti, Silvano"]
[Black "Sherman, Joshua"]
[Result "0-1"]
[WhiteElo "1626"]
[BlackElo "1885"]
[PlyCount "106"]
[GameId "2160767909795872"]
[EventDate "2011.02.24"]
[EventType "swiss"]
[EventRounds "9"]
[EventCountry "CAN"]
[SourceTitle "EXT 2022"]
[Source "ChessBase"]
[SourceDate "2021.10.06"]
[SourceVersion "1"]
[SourceVersionDate "2021.10.06"]
[SourceQuality "1"]

1. e4 e5 2. Nf3 d6 3. Bc4 Be7 4. Nc3 Nf6 5. Ng5 O-O 6. O-O c6 7. Bxf7+ Rxf7 8. Nxf7 Kxf7 9. f4 Kg8 10. f5 d5 11. d3 dxe4 12. dxe4 Qxd1 13. Rxd1 Na6 14. Be3 Ng4 15. Bf2 g6 16. fxg6 hxg6 17. h3 Nxf2 18. Kxf2 Be6 19. a3 Bc5+ 20. Kg3 Be3 21. Kf3 Bg5 22. g4 Rf8+ 23. Kg2 Nc5 24. b4 Nd7 25. Rd6 Kf7 26. Ne2 Ke7 27. Rad1 Nb6 28. Ng3 Nc4 29. R6d3 Ne3+ 30. Rxe3 Bxe3 31. Rf1 Rd8 32. Re1 Rd2+ 33. Kh1 Bf4 34. Ne2 Rxc2 35. Nxf4 exf4 36. Rf1 g5 37. h4 Re2 38. hxg5 Rxe4 39. Kg2 Bxg4 40. Rh1 Re2+ 41. Kf1 f3 42. Rh7+ Ke6 43. g6 Kf6 44. g7 Kf7 45. Rh4 Rg2 46. Rh8 Kxg7 47. Rb8 Re2 48. Rxb7+ Kh6 49. Rf7 Kg5 50. Rf8 Kh4 51. Rh8+ Kg3 52. Rh1 Bh3+ 53. Kg1 Re1# 0-1

[Event "Scarborough CC-ch Reserves"]
[Site "Toronto CAN"]
[Date "2011.03.03"]
[Round "2"]
[White "Moran-Venegas, Mario"]
[Black "Radpey, Abdolreza"]
[Result "0-1"]
[WhiteElo "1773"]
[BlackElo "1646"]
[PlyCount "86"]
[GameId "2160767909795873"]
[EventDate "2011.02.24"]
[EventType "swiss"]
[EventRounds "9"]
[EventCountry "CAN"]
[SourceTitle "EXT 2022"]
[Source "ChessBase"]
[SourceDate "2021.10.06"]
[SourceVersion "1"]
[SourceVersionDate "2021.10.06"]
[SourceQuality "1"]

1. e4 e6 2. d4 d5 3. Nc3 c5 4. Nf3 Nf6 5. Bb5+ Nc6 6. e5 Nd7 7. Bxc6 bxc6 8. O-O cxd4 9. Qxd4 Bc5 10. Qg4 g6 11. Bh6 Bf8 12. Qf4 Bxh6 13. Qxh6 Qe7 14. Rfe1 Qf8 15. Qf4 Bb7 16. Na4 h6 17. b3 g5 18. Qe3 c5 19. c3 Qe7 20. Rab1 Bc6 21. Nb2 g4 22. Nd2 h5 23. Nd3 h4 24. b4 h3 25. g3 c4 26. b5 Bb7 27. Nb4 Nb8 28. Qd4 a5 29. bxa6 Nxa6 30. Qb6 Nc5 31. Qb5+ Kf8 32. Nc6 Bxc6 33. Qxc6 Kg7 34. Ra1 Ra6 35. Qb5 Rha8 36. Nxc4 dxc4 37. Qxc4 Ra4 38. Qe2 Qb7 39. Qf1 Rxa2 40. Rab1 Qc6 41. Rb4 R8a4 42. Rxg4+ Rxg4 43. Qxh3 Qf3 0-1

[Event "Scarborough CC-ch Reserves"]
[Site "Toronto CAN"]
[Date "2011.03.03"]
[Round "2"]
[White "Morra, Lui"]
[Black "Wu, Kevin"]
[Result "0-1"]
[WhiteElo "1831"]
[BlackElo "2080"]
[PlyCount "62"]
[GameId "2160767909795874"]
[EventDate "2011.02.24"]
[EventType "swiss"]
[EventRounds "9"]
[EventCountry "CAN"]
[SourceTitle "EXT 2022"]
[Source "ChessBase"]
[SourceDate "2021.10.06"]
[SourceVersion "1"]
[SourceVersionDate "2021.10.06"]
[SourceQuality "1"]

1. b3 Nf6 2. Bb2 e6 3. Nf3 g6 4. c4 Bg7 5. Nc3 O-O 6. g3 b6 7. Bg2 Bb7 8. O-O d6 9. d4 Nbd7 10. d5 e5 11. e4 Bc8 12. b4 Nh5 13. Rc1 Rb8 14. Qa4 a6 15. Ba3 f5 16. exf5 gxf5 17. Ne2 Bh6 18. Rc2 Ndf6 19. c5 f4 20. cxd6 cxd6 21. gxf4 Nxf4 22. Nxf4 Bxf4 23. Bc1 Nh5 24. b5 axb5 25. Qxb5 Bf5 26. Rc3 Rc8 27. Rxc8 Bxc8 28. Qc4 Qf6 29. Bxf4 Nxf4 30. Nd2 Qg5 31. Qe4 Bh3 0-1

[Event "Scarborough CC-ch Reserves"]
[Site "Toronto CAN"]
[Date "2011.03.03"]
[Round "2"]
[White "Philip, Andrew"]
[Black "Armstrong, Robert J"]
[Result "0-1"]
[WhiteElo "1640"]
[BlackElo "1715"]
[PlyCount "76"]
[GameId "2160767909795875"]
[EventDate "2011.02.24"]
[EventType "swiss"]
[EventRounds "9"]
[EventCountry "CAN"]
[SourceTitle "EXT 2022"]
[Source "ChessBase"]
[SourceDate "2021.10.06"]
[SourceVersion "1"]
[SourceVersionDate "2021.10.06"]
[SourceQuality "1"]

1. d4 g6 2. c4 Bg7 3. Nc3 d6 4. e4 Nf6 5. Nge2 O-O 6. Ng3 e5 7. d5 Nbd7 8. Be2 a5 9. h4 h5 10. Bg5 Nc5 11. Bxh5 gxh5 12. Nxh5 Ncd7 13. Qf3 Re8 14. Rh3 Kf8 15. Rg3 Bh8 16. Nd1 Ke7 17. Ne3 Rg8 18. Nf5+ Ke8 19. O-O-O Rg6 20. Ne3 Nf8 21. Ng4 N8h7 22. Nhxf6+ Nxf6 23. Rh1 Bxg4 24. Rxg4 Qd7 25. Rg3 Ke7 26. h5 Rgg8 27. h6 Rg6 28. h7 Bg7 29. Rh4 Rh8 30. Bxf6+ Bxf6 31. Rxg6 fxg6 32. Rh6 Qe8 33. Qg4 Qf7 34. Rxg6 Rxh7 35. Rg8 Rh8 36. Rg6 Rh4 37. Qg3 Rh1+ 38. Kc2 Rh7 0-1

[Event "Scarborough CC-ch Reserves"]
[Site "Toronto CAN"]
[Date "2011.03.03"]
[Round "2"]
[White "Posaratnanathan, Juliaan"]
[Black "Gillis, Doug"]
[Result "1-0"]
[WhiteElo "1884"]
[BlackElo "1635"]
[PlyCount "47"]
[GameId "2160767909795876"]
[EventDate "2011.02.24"]
[EventType "swiss"]
[EventRounds "9"]
[EventCountry "CAN"]
[SourceTitle "EXT 2022"]
[Source "ChessBase"]
[SourceDate "2021.10.06"]
[SourceVersion "1"]
[SourceVersionDate "2021.10.06"]
[SourceQuality "1"]

1. e4 e6 2. d4 d5 3. Bd3 dxe4 4. Bxe4 Nf6 5. Bf3 Nc6 6. Ne2 e5 7. Bxc6+ bxc6 8. O-O exd4 9. Nxd4 c5 10. Qf3 Bg4 11. Re1+ Be7 12. Qc6+ Nd7 13. Nb5 Rb8 14. Nxc7+ Kf8 15. Nd5 Be6 16. Nxe7 Rb6 17. Qa4 Qxe7 18. Qxa7 Qf6 19. Nc3 g6 20. Bh6+ Kg8 21. Nd5 Qh4 22. Nxb6 Qxh6 23. Nxd7 Bxd7 24. Qxd7 1-0

[Event "Scarborough CC-ch Reserves"]
[Site "Toronto CAN"]
[Date "2011.03.03"]
[Round "2"]
[White "Sharpe, Michael"]
[Black "Maister, Martin"]
[Result "1-0"]
[WhiteElo "1670"]
[BlackElo "1772"]
[PlyCount "91"]
[GameId "2160767909795877"]
[EventDate "2011.02.24"]
[EventType "swiss"]
[EventRounds "9"]
[EventCountry "CAN"]
[SourceTitle "EXT 2022"]
[Source "ChessBase"]
[SourceDate "2021.10.06"]
[SourceVersion "1"]
[SourceVersionDate "2021.10.06"]
[SourceQuality "1"]

1. e4 c5 2. Nf3 d6 3. d4 cxd4 4. Nxd4 Nf6 5. Nc3 Nc6 6. Be2 g6 7. Be3 Bg7 8. Qd2 O-O 9. f3 Bd7 10. O-O-O Rc8 11. g4 Ne5 12. h4 h5 13. Rdg1 hxg4 14. f4 Nc4 15. Bxc4 Rxc4 16. e5 dxe5 17. fxe5 Nh5 18. Qe2 Rxd4 19. Bxd4 Bc6 20. Qxg4 Bxh1 21. Rxh1 e6 22. Rd1 Qa5 23. Qg5 Kh7 24. Kb1 Rd8 25. Qe7 Kg8 26. Qxb7 Bxe5 27. Qxa7 Qxa7 28. Bxa7 Rxd1+ 29. Nxd1 Bg3 30. Bf2 f5 31. Bxg3 Nxg3 32. a4 Ne4 33. a5 Nc5 34. b4 Na4 35. b5 Kf7 36. Ka2 e5 37. Ka3 Nc5 38. Kb4 Nd7 39. a6 e4 40. a7 Nb6 41. Kc5 Na8 42. b6 f4 43. b7 e3 44. Nxe3 fxe3 45. bxa8=Q g5 46. Qf3+ 1-0

[Event "Scarborough CC-ch Reserves"]
[Site "Toronto CAN"]
[Date "2011.03.03"]
[Round "2"]
[White "Sharpe, Sam"]
[Black "Spiliotopoulos, Yakos"]
[Result "1-0"]
[WhiteElo "1909"]
[BlackElo "1751"]
[PlyCount "59"]
[GameId "2160767909795878"]
[EventDate "2011.02.24"]
[EventType "swiss"]
[EventRounds "9"]
[EventCountry "CAN"]
[SourceTitle "EXT 2022"]
[Source "ChessBase"]
[SourceDate "2021.10.06"]
[SourceVersion "1"]
[SourceVersionDate "2021.10.06"]
[SourceQuality "1"]

1. Nf3 g6 2. g3 Bg7 3. Bg2 b6 4. O-O Bb7 5. d3 d5 6. Nbd2 e6 7. c3 Ne7 8. Qc2 Nd7 9. b4 a6 10. Bb2 f6 11. e4 Nf8 12. c4 Qd7 13. Nb3 O-O-O 14. Rfd1 Kb8 15. a4 Nc6 16. Bc3 Qe7 17. c5 Na7 18. Rdc1 g5 19. Nfd4 Qf7 20. exd5 exd5 21. b5 a5 22. Rab1 f5 23. Nc6+ Bxc6 24. bxc6 Ka8 25. cxb6 cxb6 26. Nd4 Nc8 27. Nb5 Ne6 28. Bxg7 Qxg7 29. c7 Rd7 30. Qc6# 1-0

[Event "Scarborough CC-ch Reserves"]
[Site "Toronto CAN"]
[Date "2011.03.03"]
[Round "2"]
[White "Verde, Pino"]
[Black "Ward, Dean"]
[Result "0-1"]
[WhiteElo "1694"]
[BlackElo "1811"]
[PlyCount "76"]
[GameId "2160767909795879"]
[EventDate "2011.02.24"]
[EventType "swiss"]
[EventRounds "9"]
[EventCountry "CAN"]
[SourceTitle "EXT 2022"]
[Source "ChessBase"]
[SourceDate "2021.10.06"]
[SourceVersion "1"]
[SourceVersionDate "2021.10.06"]
[SourceQuality "1"]

1. b3 d5 2. Bb2 Nc6 3. e3 e5 4. Bb5 Qg5 5. Nf3 Qxg2 6. Rg1 Qh3 7. Bxe5 Bg4 8. Rg3 Bxf3 9. Qxf3 Qe6 10. Bxg7 Bxg7 11. Rxg7 O-O-O 12. Bxc6 Qxc6 13. Qxf7 Nh6 14. Qf4 Rhf8 15. Qg3 Nf5 16. Qh3 Qf6 17. Rxc7+ Kxc7 18. Nc3 h6 19. Rc1 Kb8 20. Qf3 Nh4 21. Qg3+ Ka8 22. Nb5 Nf3+ 23. Kd1 a6 24. Nc3 Ng5 25. f4 Ne4 26. Nxe4 dxe4 27. c4 Rg8 28. Qf2 Qg7 29. Kc2 Qg2 30. Rf1 Qxf2 31. Rxf2 Rg4 32. f5 Rf8 33. d4 exd3+ 34. Kxd3 Rd8+ 35. Ke2 Kb8 36. Kf3 Rg5 37. Kf4 Rxf5+ 38. Kg3 Rg8+ 0-1

[Event "Scarborough CC-ch Reserves"]
[Site "Toronto CAN"]
[Date "2011.03.03"]
[Round "2"]
[White "Zotkin, Daniel"]
[Black "Bao, Stephen"]
[Result "0-1"]
[WhiteElo "1681"]
[BlackElo "1773"]
[PlyCount "182"]
[GameId "2160767909795880"]
[EventDate "2011.02.24"]
[EventType "swiss"]
[EventRounds "9"]
[EventCountry "CAN"]
[SourceTitle "EXT 2022"]
[Source "ChessBase"]
[SourceDate "2021.10.06"]
[SourceVersion "1"]
[SourceVersionDate "2021.10.06"]
[SourceQuality "1"]

1. e4 e5 2. Nf3 Nc6 3. Bc4 Bc5 4. O-O Nf6 5. d4 exd4 6. e5 Ng4 7. Bxf7+ Kxf7 8. Ng5+ Kg8 9. Qxg4 Nxe5 10. Qe4 Qe7 11. Re1 d6 12. f4 h6 13. fxe5 hxg5 14. Qd5+ Be6 15. exd6 Bxd5 16. dxe7 Bc6 17. Bxg5 d3+ 18. Kh1 Bd6 19. h4 Bg3 20. Re3 Bxh4 21. Bxh4 Rxh4+ 22. Kg1 dxc2 23. Nc3 Rd4 24. Re2 Re8 25. Rae1 Rd7 26. Rxc2 Rexe7 27. Rce2 Rxe2 28. Rxe2 Kf7 29. b4 a6 30. a4 Rd3 31. Rc2 Bd7 32. b5 axb5 33. Nxb5 c6 34. Nc7 Ke7 35. Rb2 Bc8 36. Na8 Kd7 37. Nb6+ Kc7 38. Kf2 Bf5 39. Nc4 Rd4 40. Nb6 g6 41. Ke3 Re4+ 42. Kf3 Rh4 43. g3 Rd4 44. Na8+ Kb8 45. Nb6 Ka7 46. Ke3 Rd1 47. Kf4 Rb1 48. Nc8+ Kb8 49. Rxb1 Bxb1 50. Ne7 c5 51. Ke3 c4 52. Kd4 Bd3 53. Nxg6 Bxg6 54. Kxc4 Kc7 55. Kc5 b6+ 56. Kb5 Bd3+ 57. Kb4 Kb7 58. Kc3 Be2 59. Kb3 Ka6 60. Kb4 Bg4 61. Ka3 Ka5 62. Kb3 Bd1+ 63. Ka3 Bxa4 64. Kb2 Bd1 65. Ka3 Kb5 66. Kb2 Kc4 67. Ka3 b5 68. Kb2 Kd4 69. Ka3 Be2 70. Kb4 Ke4 71. g4 Kf4 72. g5 Kxg5 73. Kc3 Kf4 74. Kb4 Ke3 75. Kc3 Bc4 76. Kb4 Kd2 77. Ka3 Kc2 78. Kb4 Kb2 79. Ka5 Ka3 80. Kb6 b4 81. Kc5 Bf1 82. Kd4 b3 83. Kc3 b2 84. Kd2 b1=Q 85. Ke3 Qf5 86. Kd4 Kb4 87. Ke3 Bd3 88. Kd2 Qf3 89. Kc1 Kb3 90. Kd2 Qe2+ 91. Kc1 Qe1# 0-1

[Event "Scarborough CC-ch Reserves"]
[Site "Toronto CAN"]
[Date "2011.03.10"]
[Round "3"]
[White "Bao, Stephen"]
[Black "Mesiti, Silvano"]
[Result "1-0"]
[WhiteElo "1773"]
[BlackElo "1626"]
[PlyCount "41"]
[GameId "2160767909795882"]
[EventDate "2011.02.24"]
[EventType "swiss"]
[EventRounds "9"]
[EventCountry "CAN"]
[SourceTitle "EXT 2022"]
[Source "ChessBase"]
[SourceDate "2021.10.06"]
[SourceVersion "1"]
[SourceVersionDate "2021.10.06"]
[SourceQuality "1"]

1. d4 d5 2. c4 Nf6 3. cxd5 Qxd5 4. Nc3 Qd8 5. e4 e6 6. Bg5 Be7 7. Nf3 O-O 8. Bd3 Nc6 9. Bc2 Bd7 10. a3 Ne8 11. Bf4 a6 12. d5 Nb8 13. e5 f5 14. Bb3 Kh8 15. dxe6 Bc6 16. Qxd8 Bxd8 17. Ng5 Be7 18. Nf7+ Kg8 19. Bg5 Bxg5 20. Nxg5 Kh8 21. e7 1-0

[Event "Scarborough CC-ch Reserves"]
[Site "Toronto CAN"]
[Date "2011.03.10"]
[Round "3"]
[White "Cale, Ferdinand"]
[Black "Sharpe, Sam"]
[Result "1-0"]
[WhiteElo "1679"]
[BlackElo "1909"]
[PlyCount "33"]
[GameId "2160767909795883"]
[EventDate "2011.02.24"]
[EventType "swiss"]
[EventRounds "9"]
[EventCountry "CAN"]
[SourceTitle "EXT 2022"]
[Source "ChessBase"]
[SourceDate "2021.10.06"]
[SourceVersion "1"]
[SourceVersionDate "2021.10.06"]
[SourceQuality "1"]

1. g3 g6 2. Bg2 Bg7 3. c3 d6 4. Qb3 c6 5. d4 Nf6 6. Na3 O-O 7. Nf3 Nbd7 8. O-O Qc7 9. Re1 e5 10. e3 e4 11. Nd2 d5 12. c4 a6 13. Qc2 Ne8 14. Rb1 f5 15. f4 exf3 16. Bxf3 Bxd4 17. exd4 1-0

[Event "Scarborough CC-ch Reserves"]
[Site "Toronto CAN"]
[Date "2011.03.10"]
[Round "3"]
[White "Gillis, Doug"]
[Black "Morra, Lui"]
[Result "1-0"]
[WhiteElo "1635"]
[BlackElo "1831"]
[PlyCount "120"]
[GameId "2160767909795884"]
[EventDate "2011.02.24"]
[EventType "swiss"]
[EventRounds "9"]
[EventCountry "CAN"]
[SourceTitle "EXT 2022"]
[Source "ChessBase"]
[SourceDate "2021.10.06"]
[SourceVersion "1"]
[SourceVersionDate "2021.10.06"]
[SourceQuality "1"]

1. d4 Nf6 2. Nc3 g6 3. e4 d6 4. h3 Nbd7 5. Nf3 e5 6. Be3 c5 7. dxc5 dxc5 8. Bb5 Bg7 9. Bxc5 Qa5 10. O-O Nh5 11. Qd6 Qd8 12. Rad1 a6 13. Bxd7+ Bxd7 14. Nxe5 Bf8 15. Qd5 Be6 16. Qxb7 Qc8 17. Qxc8+ Rxc8 18. Bxf8 Kxf8 19. Rd6 a5 20. Rfd1 Ke7 21. Nc6+ Kf6 22. g4 Nf4 23. Nd5+ Kg5 24. Nxf4 Kxf4 25. e5 h5 26. c3 hxg4 27. Ne7 Rb8 28. R6d4+ Kg5 29. hxg4 Bxg4 30. f4+ Kh6 31. R1d2 Kg7 32. Rh2 Rxh2 33. Kxh2 Rxb2+ 34. Kg3 Be6 35. a4 Ra2 36. Nc6 Bb3 37. Nxa5 Bxa4 38. Nb7 Bc6 39. Nc5 Rc2 40. c4 Rg2+ 41. Kh3 Rg1 42. Rd6 Bf3 43. e6 fxe6 44. Nxe6+ Kg8 45. Rd8+ Kf7 46. Ng5+ Ke7 47. Nxf3 Rf1 48. Rd3 Rc1 49. Ne5 Kf6 50. Nd7+ Kf5 51. c5 Kxf4 52. Rd6 Rc3+ 53. Kh4 g5+ 54. Kh5 g4 55. Rf6+ Kg3 56. c6 Kh3 57. Rh6 Kg3 58. Kg5 Kf3 59. Ne5+ Kg3 60. Rd6 Rc5 1-0

[Event "Scarborough CC-ch Reserves"]
[Site "Toronto CAN"]
[Date "2011.03.10"]
[Round "3"]
[White "Lin, Tony (Juntao)"]
[Black "Ferreira, Alex"]
[Result "1-0"]
[WhiteElo "1936"]
[BlackElo "2081"]
[PlyCount "120"]
[GameId "2160767909795885"]
[EventDate "2011.02.24"]
[EventType "swiss"]
[EventRounds "9"]
[EventCountry "CAN"]

1. e4 e5 2. Nf3 Nc6 3. Bb5 Nf6 4. O-O Nxe4 5. d4 Nd6 6. Bxc6 dxc6 7. dxe5 Nf5 8. Qxd8+ Kxd8 9. Nc3 Ke8 10. h3 Be7 11. b3 Nh4 12. Nxh4 Bxh4 13. Bb2 h5 14. Rad1 Bf5 15. Rd2 Rd8 16. Rfd1 Rxd2 17. Rxd2 Bg5 18. Re2 b6 19. Ne4 Be7 20. f4 Kd7 21. Ng3 Ke6 22. Nxf5 Kxf5 23. g3 Rd8 24. Kg2 Rd1 25. Kf3 Rf1+ 26. Kg2 Rb1 27. Bd4 Rd1 28. Bf2 h4 29. g4+ Ke6 30. f5+ Kd7 31. Kf3 Bg5 32. Be3 Bxe3 33. Rxe3 Rh1 34. Kg2 Ra1 35. a4 Rc1 36. Re2 Rd1 37. g5 Ke8 38. Kf3 Rg1 39. Rg2 Rf1+ 40. Kg4 Re1 41. Kxh4 Rxe5 42. Kg4 c5 43. Kf4 Rd5 44. Re2+ Kf8 45. h4 Rd4+ 46. Re4 Rd2 47. Rc4 Ke7 48. Re4+ Kf8 49. c3 Rc2 50. Rc4 Ke7 51. Re4+ Kd7 52. Re3 Rd2 53. h5 Rh2 54. Kg4 Rg2+ 55. Rg3 Rb2 56. h6 gxh6 57. gxh6 Re2 58. h7 Re8 59. Kh5 Re2 60. Kh6 Rh2+ 1-0

[Event "Scarborough CC-ch Reserves"]
[Site "Toronto CAN"]
[Date "2011.03.10"]
[Round "3"]
[White "Maister, Martin"]
[Black "Zotkin, Daniel"]
[Result "1/2-1/2"]
[WhiteElo "1772"]
[BlackElo "1681"]
[PlyCount "104"]
[GameId "2160767909795886"]
[EventDate "2011.02.24"]
[EventType "swiss"]
[EventRounds "9"]
[EventCountry "CAN"]
[SourceTitle "EXT 2022"]
[Source "ChessBase"]
[SourceDate "2021.10.06"]
[SourceVersion "1"]
[SourceVersionDate "2021.10.06"]
[SourceQuality "1"]

1. c4 e5 2. Nc3 Nf6 3. g3 d5 4. cxd5 Nxd5 5. Bg2 Be6 6. Nf3 Nc6 7. O-O Be7 8. d3 O-O 9. Bd2 h6 10. Rc1 Nxc3 11. Bxc3 Bf6 12. b3 Qd7 13. Re1 a5 14. Nd2 a4 15. Bxc6 bxc6 16. Ne4 axb3 17. axb3 Qd5 18. Qd2 Be7 19. Bb4 Bxb4 20. Qxb4 Rfb8 21. Qc5 Rb6 22. Qe7 Qd8 23. Qxd8+ Rxd8 24. Nc5 Bxb3 25. Nxb3 Rxb3 26. Rxc6 Rd7 27. Rec1 Rb2 28. Kf1 Rb7 29. g4 f6 30. h4 Kf7 31. h5 Ke7 32. f3 Kd8 33. Kf2 Rd6 34. R6c4 Kd7 35. Ke3 c6 36. R1c2 Rc7 37. Ke4 Ke6 38. R2c3 Kf7 39. Ra4 Rcd7 40. Rcc4 Ke6 41. Ke3 Kf7 42. Ra6 Rc7 43. Rb6 Ke6 44. Ke4 Kf7 45. e3 g6 46. hxg6+ Kxg6 47. Rc1 Kg5 48. Rh1 Rf7 49. Rh5+ Kg6 50. Rb2 Ra7 51. Rb4 Rad7 52. Rb3 Ra7 1/2-1/2

[Event "Scarborough CC-ch Reserves"]
[Site "Toronto CAN"]
[Date "2011.03.10"]
[Round "3"]
[White "Paterson, Jim"]
[Black "Sharpe, Michael"]
[Result "1/2-1/2"]
[WhiteElo "1825"]
[BlackElo "1670"]
[PlyCount "113"]
[GameId "2160767909795887"]
[EventDate "2011.02.24"]
[EventType "swiss"]
[EventRounds "9"]
[EventCountry "CAN"]
[SourceTitle "EXT 2022"]
[Source "ChessBase"]
[SourceDate "2021.10.06"]
[SourceVersion "1"]
[SourceVersionDate "2021.10.06"]
[SourceQuality "1"]

1. d4 Nf6 2. Nf3 g6 3. g3 d5 4. c4 dxc4 5. Qa4+ c6 6. Qxc4 Be6 7. Qd3 Bg7 8. Bg2 O-O 9. O-O Na6 10. a3 Qb6 11. Nc3 Rad8 12. Rb1 c5 13. dxc5 Nxc5 14. Qb5 Qxb5 15. Nxb5 Bf5 16. Be3 b6 17. Bxc5 bxc5 18. Rbc1 Ne4 19. Nc3 Nd2 20. Nxd2 Rxd2 21. e4 Bg4 22. Nd5 Bxb2 23. Nxe7+ Kg7 24. Rxc5 Bxa3 25. Rc7 Re8 26. Nd5 Be2 27. Re1 a6 28. Nc3 Bb5 29. Nb1 Ra2 30. Nxa3 Rxa3 31. Bf1 Rb8 32. Rd1 Bxf1 33. Kxf1 Rab3 34. Rdd7 Rf8 35. Ra7 Rb6 36. f4 Re6 37. e5 g5 38. Rd6 Rxd6 39. exd6 Rd8 40. Rxa6 gxf4 41. gxf4 Rd7 42. Kf2 Kf6 43. Kf3 Ke6 44. Kg4 f5+ 45. Kg5 Rg7+ 46. Kh6 Rg4 47. Kxh7 Rxf4 48. d7+ Kxd7 49. Kg6 Rh4 50. Ra2 Rf4 51. Re2 Rf1 52. h4 f4 53. Kg5 f3 54. Rd2+ Ke7 55. Kg4 f2 56. Kf3 Rh1 57. Kxf2 1/2-1/2

[Event "Scarborough CC-ch Reserves"]
[Site "Toronto CAN"]
[Date "2011.03.10"]
[Round "3"]
[White "Philip, Andrew"]
[Black "Bellomo, Joe"]
[Result "1/2-1/2"]
[WhiteElo "1640"]
[BlackElo "1767"]
[PlyCount "143"]
[GameId "2160767909795888"]
[EventDate "2011.02.24"]
[EventType "swiss"]
[EventRounds "9"]
[EventCountry "CAN"]
[SourceTitle "EXT 2022"]
[Source "ChessBase"]
[SourceDate "2021.10.06"]
[SourceVersion "1"]
[SourceVersionDate "2021.10.06"]
[SourceQuality "1"]

1. d4 Nf6 2. Bg5 h6 3. Bxf6 exf6 4. e3 d5 5. Nd2 Bd6 6. g3 O-O 7. Bg2 c6 8. Ne2 Re8 9. O-O Nd7 10. c4 dxc4 11. Nxc4 Bc7 12. b4 Nb6 13. Nxb6 axb6 14. Qc2 Be6 15. Nc3 Qd7 16. Rfd1 Bh3 17. Bh1 Bf5 18. Qb3 Bg4 19. Rd3 Be6 20. d5 cxd5 21. Nxd5 Qc8 22. e4 Bxd5 23. exd5 Be5 24. Rad1 Bd6 25. Rc3 Qg4 26. a3 Rxa3 27. Rc4 Rxb3 28. Rxg4 Rd8 29. Rgd4 Rxb4 30. Rxb4 Bxb4 31. d6 Rxd6 32. Rxd6 Bxd6 33. Bxb7 Kf8 34. Bc6 Ke7 35. Kf1 f5 36. Ke2 f4 37. Kf3 fxg3 38. fxg3 Ba3 39. Ke4 Bc5 40. g4 Bg1 41. h3 g6 42. Kf4 Bh2+ 43. Ke4 f6 44. Bb5 Bg3 45. Be2 Kd6 46. Kf3 Be5 47. Bd3 g5 48. Ke4 Kc5 49. Be2 b5 50. Bd1 b4 51. Bb3 Bc3 52. Kd3 Kd6 53. Ke4 Be5 54. Kd3 Bg3 55. Ke4 Be1 56. Kd4 Bc3+ 57. Ke4 Kc5 58. Kd3 Kd6 59. Ke4 Be1 60. Kd4 Ke7 61. Ke4 Kf8 62. Kf5 Kg7 63. Bd1 Bc3 64. Bb3 Be5 65. Bd1 Kf7 66. Bb3+ Ke7 67. Ke4 Kd6 68. Kf5 Kc5 69. Ke4 Bc3 70. Kd3 Be1 71. Ke4 Kd6 72. Kd4 1/2-1/2

[Event "Scarborough CC-ch Reserves"]
[Site "Toronto CAN"]
[Date "2011.03.10"]
[Round "3"]
[White "Sherman, Joshua"]
[Black "Krupka, David"]
[Result "1/2-1/2"]
[WhiteElo "1885"]
[BlackElo "2035"]
[PlyCount "68"]
[GameId "2160767909795889"]
[EventDate "2011.02.24"]
[EventType "swiss"]
[EventRounds "9"]
[EventCountry "CAN"]
[SourceTitle "EXT 2022"]
[Source "ChessBase"]
[SourceDate "2021.10.06"]
[SourceVersion "1"]
[SourceVersionDate "2021.10.06"]
[SourceQuality "1"]

1. e4 c6 2. d4 d5 3. Nc3 dxe4 4. Nxe4 Nf6 5. Nxf6+ exf6 6. Be3 Bd6 7. Bd3 Na6 8. c3 Nc7 9. Qc2 Nd5 10. Nf3 Bg4 11. O-O-O Qa5 12. Rde1 O-O-O 13. Bf5+ Bxf5 14. Qxf5+ Kb8 15. Qb1 Nxe3 16. fxe3 Rhe8 17. Qxh7 Qxa2 18. Qd3 g6 19. Nd2 f5 20. Qc4 Qxc4 21. Nxc4 Bc7 22. h3 Re7 23. Kc2 b5 24. Na3 Rde8 25. Kd3 Re4 26. Rhf1 Bg3 27. Re2 f4 28. Rf3 g5 29. Nb1 f5 30. Nd2 R4e7 31. e4 g4 32. hxg4 fxg4 33. Rf1 a5 34. Nb3 a4 1/2-1/2